000 00932nas a2200301 4500
001 BR2013008354
003 BR-BrBNA
005 20231205123058.0
007 ta
008 230509b bl.|||p| |||| 00| 00por d
040 _aBR-BrBNA
_bpor
_cBiblioteca Nacional de Agricultura
041 _a(En)
072 _aF02
100 1 _aBaron, D.
100 1 _aFerreira, G.
100 1 _aRodrigues, J.D.
100 1 _aBoaro, C.S.F.
100 1 _aMacedo, A.C.
245 1 _aGas exclange, phisiological indexes and ionic accumulation in Annona emarginata (Schltdl.)H. Rainer seedlings in nutrients solution
650 _aANNONACEAE
650 _aARATICUM
650 _aFRUTA TROPICAL
650 _aMUDA
650 _aPORTA ENXERTO
773 0 _tRevista Brasileira de Fruticultura (Brazil)
_xISSN 0100-2945
_g(Jun 2013), v. 35(2) p. 361-376
_wBR2013008354
909 _a202311
_bLúcia
_c55
_dLúcia Elande
942 _2AGRIS
_n0
_cANA
999 _c232073
_d232073